| 000 | 00522nam a2200205Ia 4500 | ||
|---|---|---|---|
| 999 |
_c53151 _d53151 |
||
| 001 | 20190 | ||
| 003 | GE_BSU | ||
| 005 | 20250630175413.0 | ||
| 008 | 181216s||||||||xx |||||||||||||| ||und|| | ||
| 020 | _a9780340760260 | ||
| 040 | _cGE_BSU | ||
| 080 | _a811.111H-33 | ||
| 100 |
_aHaspelmath,Martin _914765 |
||
| 245 |
_aUnderstanding Morphology / _cMartin Haspelmath. |
||
| 260 |
_aLondon : _bArnold, _c2002. |
||
| 300 |
_a290 p. ; _c24 cm. |
||
| 541 | _h10 GEL. | ||
| 653 | _aUnderstanding Morphology | ||
| 942 |
_cBK _2udc |
||